000 00308nam a22001337a 4500
008 170809b xxu||||| |||| 00| 0 eng d
020 _a9780691121833
041 _aeng
080 _a004
100 _a35
101 _aSHK
245 _aA FIRST COURSE IN SCIENTIFIC COMPUTING
_cLANDAU,R.H
942 _2udc
_cBK
999 _c23008
_d23008